Loading...
| Current Events | 0 | 2 | 0 | 0 | 20 | 18 | 29.00 | 2 | 2 | 24.32 | 27.08 |
| History - European | 0 | 2 | 0 | 0 | 20 | 11 | 56.50 | 1 | 1 | 9.31 | 10.36 |
| Fine Arts - Classical Music | 0 | 1 | 0 | 1 | 10 | 115 | 115.00 | 0 | 0 | 0.09 | 5.00 |
| Geography | 0 | 1 | 0 | 0 | 10 | 19 | 19.00 | 1 | 1 | 16.89 | 20.00 |
| History - American | 0 | 1 | 0 | 0 | 10 | 62 | 62.00 | 0 | 0 | 3.86 | 3.75 |
| Science - Physics | 0 | 1 | 0 | 0 | 10 | 65 | 65.00 | 0 | 0 | 3.63 | 3.75 |
| History - Other | 0 | 1 | 0 | 1 | 10 | 98 | 98.00 | 0 | 0 | 0.67 | 3.75 |
| Philosophy | 0 | 1 | 0 | 0 | 10 | 88 | 88.00 | 0 | 0 | 1.96 | 10.71 |
| Science - Other | 0 | 1 | 0 | 0 | 10 | 47 | 47.00 | 0 | 1 | 5.84 | 8.57 |
| Fine Arts - Other | 0 | 1 | 1 | 1 | 5 | 90 | 90.00 | 0 | 1 | 1.43 | 1.25 |
| Literature - World | 0 | 0 | 1 | 0 | -5 | 0.00 | 0 | 0 | 0.00 | 0.00 |